[Event "Robecchetto Spring 11th A"]
[Site "Robecchetto"]
[Date "2014.05.29"]
[Round "7"]
[White "Barrera, Pietro"]
[Black "Griffini, Andrea"]
[Result "1/2-1/2"]
[WhiteElo "1925"]
[BlackElo "1797"]
[PlyCount "46"]
[EventDate "2014.04.10"]
[EventType "swiss"]
[EventRounds "7"]
[EventCountry "ITA"]
[SourceTitle "EXT 2024"]
[Source "ChessBase"]
[SourceDate "2023.10.10"]
[SourceVersion "1"]
[SourceVersionDate "2023.10.10"]
[SourceQuality "1"]

1. d4 d5 2. Nf3 g6 3. c3 Bg7 4. Bf4 Nf6 5. e3 Nbd7 6. Be2 0-0 7. Nfd2 Re8 8. Na3 e5 9. dxe5 Nxe5 10. 0-0 c6 11. Nf3 Nfg4 12. h3 Nxf3+ 13. Bxf3 Ne5 14. Be2 Bf5 15. Qd2 Qc8 16. Kh2 b5 17. Nc2 Bd7 18. Nd4 a6 19. Rad1 f5 20. Nf3 Nxf3+ 21. Bxf3 Qd8 22. Bg3 h5 23. Kg1 Be6 1/2-1/2

[Event "Robecchetto Spring 11th A"]
[Site "Robecchetto"]
[Date "2014.05.08"]
[Round "4"]
[White "Serrao, Piergiorgio"]
[Black "Griffini, Andrea"]
[Result "0-1"]
[WhiteElo "1605"]
[BlackElo "1797"]
[PlyCount "120"]
[EventDate "2014.04.10"]
[EventType "swiss"]
[EventRounds "7"]
[EventCountry "ITA"]
[SourceTitle "EXT 2024"]
[Source "ChessBase"]
[SourceDate "2023.10.10"]
[SourceVersion "1"]
[SourceVersionDate "2023.10.10"]
[SourceQuality "1"]

1. d4 Nf6 2. c4 g6 3. Nc3 Bg7 4. e4 d6 5. Nf3 0-0 6. Be2 c6 7. 0-0 Na6 8. Re1 c5 9. d5 Nc7 10. Rb1 a6 11. a3 Nfe8 12. Qc2 e6 13. Bg5 f6 14. Be3 e5 15. Qd2 Bd7 16. b4 b6 17. bxc5 bxc5 18. Rb6 Nb5 19. Rb7 Nxc3 20. Qxc3 Bc8 21. Rb3 f5 22. Bg5 Qd7 23. Be3 Nf6 24. Ng5 Qe7 25. exf5 Bxf5 26. Qd2 Rab8 27. Qb2 Nd7 28. Qa2 h6 29. Ne6 Bxe6 30. dxe6 Qxe6 31. Reb1 Rxb3 32. Rxb3 e4 33. Rb7 Bd4 34. Qd2 Bxe3 35. Qxe3 g5 36. h3 Ne5 37. Qc3 Qf6 38. Qg3 Nd3 39. Bxd3 exd3 40. Qxd3 Qxf2+ 41. Kh2 Qf4+ 42. Qg3 Qxc4 43. Qxd6 Qf4+ 44. Qxf4 Rxf4 45. g3 Rf2+ 46. Kg1 Rf3 47. a4 Rxg3+ 48. Kh2 Ra3 49. Rc7 Rxa4 50. Rxc5 Kg7 51. Rc6 Ra2+ 52. Kh1 a5 53. Ra6 h5 54. Kg1 a4 55. Kh1 Ra3 56. Kh2 h4 57. Kg2 Rg3+ 58. Kh2 a3 59. Rb6 Kf7 60. Ra6 Ke7 0-1

[Event "Robecchetto Autunn op 10th"]
[Site "Robecchetto"]
[Date "2013.11.14"]
[Round "6"]
[White "Testa, Loris"]
[Black "Griffini, Andrea"]
[Result "0-1"]
[WhiteElo "1946"]
[BlackElo "1799"]
[PlyCount "70"]
[EventDate "2013.10.03"]
[EventType "swiss"]
[EventRounds "7"]
[EventCountry "ITA"]
[SourceTitle "EXT 2015"]
[Source "ChessBase"]
[SourceDate "2014.11.20"]
[SourceVersion "1"]
[SourceVersionDate "2014.11.20"]
[SourceQuality "1"]

1. e4 Nf6 2. e5 Nd5 3. d4 d6 4. c4 Nb6 5. f4 Bf5 6. Be3 e6 7. Nc3 Be7 8. Nf3 0-0 9. Qd2 dxe5 10. Nxe5 N8d7 11. 0-0-0 Nxe5 12. fxe5 f6 13. exf6 Bxf6 14. Be2 Qe7 15. g4 Bxg4 16. Bxg4 Nxc4 17. Qd3 Nxe3 18. Rdg1 Nxg4 19. Rxg4 Bg5+ 20. Kb1 Rf4 21. Rxf4 Bxf4 22. Qf3 Rf8 23. Qxb7 a5 24. Qa6 Qd6 25. Qc4 Kh8 26. h4 e5 27. d5 Bd2 28. Ne4 Qb4 29. Qd3 Bf4 30. Ng5 Bxg5 31. hxg5 g6 32. Qxg6 Rf1+ 33. Kc2 Qc4+ 34. Kd2 Qd4+ 35. Ke2 Rf2+ 0-1

[Event "Robecchetto op-B 19th"]
[Site "Robecchetto"]
[Date "2008.12.29"]
[Round "4"]
[White "Tamassia, Gabriele"]
[Black "Griffini, Andrea"]
[Result "1/2-1/2"]
[WhiteElo "1810"]
[BlackElo "1687"]
[PlyCount "40"]
[EventDate "2008.12.27"]
[EventType "swiss"]
[EventRounds "6"]
[EventCountry "ITA"]
[SourceTitle "EXT 2011"]
[Source "ChessBase"]
[SourceDate "2010.11.26"]
[SourceVersion "1"]
[SourceVersionDate "2010.11.26"]
[SourceQuality "1"]

1. c4 e5 2. Nc3 Nc6 3. g3 Nf6 4. Bg2 a6 5. d3 Bc5 6. e3 d6 7. Nge2 0-0 8. a3 a5 9. 0-0 Bd7 10. d4 exd4 11. exd4 Ba7 12. Bg5 h6 13. Bxf6 Qxf6 14. Nd5 Qd8 15. Qd2 a4 16. Rad1 Qc8 17. Kh1 Bg4 18. f3 Bh5 19. Nb4 Na5 20. Nd5 Nc6 1/2-1/2

[Event "Pavia Province-ch"]
[Site "Cilavegna"]
[Date "2006.01.06"]
[Round "2"]
[White "Fadali, Mustafa"]
[Black "Griffini, Andrea"]
[Result "1-0"]
[WhiteElo "2009"]
[BlackElo "1732"]
[PlyCount "77"]
[EventDate "2006.01.06"]
[EventType "swiss"]
[EventRounds "6"]
[EventCountry "ITA"]
[SourceTitle "EXT 2024"]
[Source "ChessBase"]
[SourceDate "2023.10.10"]
[SourceVersion "1"]
[SourceVersionDate "2023.10.10"]
[SourceQuality "1"]

1. e4 Nf6 2. e5 Nd5 3. d4 d6 4. f4 Bf5 5. Bd3 Bxd3 6. Qxd3 e6 7. Nf3 Be7 8. 0-0 0-0 9. a3 f6 10. c4 Nb6 11. Be3 Nc6 12. d5 dxe5 13. Nc3 exf4 14. Bxf4 exd5 15. cxd5 Bc5+ 16. Kh1 Ne7 17. Rad1 Ng6 18. Bg3 Bd6 19. Nd4 Qd7 20. Bxd6 Qxd6 21. Ne6 Rf7 22. Nb5 Qd7 23. Nbxc7 Rc8 24. d6 Ne5 25. Qd4 Nc6 26. Qh4 Ne5 27. Qd4 Nc6 28. Qe4 Ne5 29. b3 Nc6 30. Nc5 f5 31. Qf3 Ne5 32. Qc3 Rxc7 33. Qxe5 Rxc5 34. Qxc5 Rf8 35. Rd3 g6 36. Re1 Rc8 37. Qd4 h6 38. h3 Re8 39. Rc1 1-0